Jesucristo y la Iglesia Romana: estudios crítico-bíblicos sobre Jesucristo como fundador de la Iglesia y sobre esta en calidad de institución de Jesucristo
Đã lưu trong:
| Tác giả chính: | |
|---|---|
| Định dạng: | Sách |
| Ngôn ngữ: | Tiếng Tây Ban Nha |
| Được phát hành: |
Madrid
Fortanet
1902
|
| Phiên bản: | 1a. ed |
| Những chủ đề: | |
| Các nhãn: |
Thêm thẻ
Không có thẻ, Là người đầu tiên thẻ bản ghi này!
|
MARC
| LEADER | 00000cam a2200000 a 4500 | ||
|---|---|---|---|
| 001 | UCD3484 | ||
| 003 | CL-VaPUC | ||
| 008 | 160609e19020000sp |||||||||||||||||spa|d | ||
| 082 | 0 | 4 | |a 239 |b MUR |2 21 |
| 100 | |a Murillo, Lino |e autor |9 586993 | ||
| 245 | 1 | 0 | |a Jesucristo y la Iglesia Romana: estudios crítico-bíblicos sobre Jesucristo como fundador de la Iglesia y sobre esta en calidad de institución de Jesucristo |
| 250 | |a 1a. ed | ||
| 300 | |a t | ||
| 942 | |c BK | ||
| 945 | |d 20160609 22:21:00 |a dcastane | ||
| 260 | |a Madrid |b Fortanet |c 1902 | ||
| 500 | |a t.1 p.2: la Iglesia Romana | ||
| 500 | |a t.2 p.2: la Iglesia Romana | ||
| 500 | |a t.2 p.2 v.1: Jesucristo | ||
| 500 | |a t.3 p.2: la Iglesia Romana | ||
| 500 | |a t.2 p.2 v.2: Jesucristo | ||
| 600 | 0 | |a Jesucristo |9 481811 | |
| 650 | 0 | |a Apologética |9 269349 | |
| 650 | 0 | |a Vida de Jesús |9 478097 | |
| 583 | |a last modification |c 20160609 22:21:00 |k Rodrigo Vera | ||
| 999 | |c 364520 |d 364518 | ||
| 952 | |0 0 |1 0 |3 erd |4 0 |6 239_000000000000000_MUR_1902 |7 0 |8 X |9 477769 |a BIBTEO |b BIBTEO |c TEO_FFR |h t.1 p.2 |i 5235456 |o 239 MUR 1902 |p 5235456 |r 2024-01-18 |w 2019-11-24 |y BK_X |z Catalogado en:20160609 |k OFM | ||
| 952 | |0 0 |1 0 |3 erd |4 0 |6 239_000000000000000_MUR_1902 |7 0 |8 X |9 477770 |a BIBTEO |b BIBTEO |c TEO_FFR |h t.2 p.2 |i 5235464 |o 239 MUR 1902 |p 5235464 |r 2024-01-18 |w 2019-11-24 |y BK_X |z Catalogado en:20160609 |k OFM | ||
| 952 | |0 0 |1 0 |3 erd |4 0 |6 239_000000000000000_MUR_1902 |7 0 |8 X |9 477771 |a BIBTEO |b BIBTEO |c TEO_FFR |h t.2 p.2.v.1 |i 5235472 |o 239 MUR 1902 |p 5235472 |r 2024-01-18 |w 2019-11-24 |y BK_X |z Catalogado en:20160609 |k OFM | ||
| 952 | |0 0 |1 0 |3 erd |4 0 |6 239_000000000000000_MUR_1902 |7 0 |8 X |9 477772 |a BIBTEO |b BIBTEO |c TEO_FFR |h t.3 p.2 |i 5235480 |o 239 MUR 1902 |p 5235480 |r 2024-01-18 |w 2019-11-24 |y BK_X |z Catalogado en:20160609 |k OFM | ||
| 952 | |0 0 |1 0 |3 erd |4 0 |6 239_000000000000000_MUR_1902 |7 0 |8 X |9 477773 |a BIBTEO |b BIBTEO |c TEO_FFR |h t.2 p.2 v.2 |i 5235499 |o 239 MUR 1902 |p 5235499 |r 2024-01-18 |w 2019-11-24 |y BK_X |z Catalogado en:20160609 |k OFM | ||